Normal view
MARC view
- القانون المدني -- الاردن -- الملكية -- قوانيين وتشريعات -- الاردن
Entry Topical Term
001 - CONTROL NUMBER
- control field: 12347
003 - CONTROL NUMBER IDENTIFIER
- control field: JO-AjAnu
005 - DATE AND TIME OF LATEST TRANSACTION
- control field: 20230606072259.0
008 - FIXED-LENGTH DATA ELEMENTS
- fixed length control field: 230606|| aca||aabn | a|a d
040 ## - CATALOGING SOURCE
- Original cataloging agency: JO-AjAnu
- Transcribing agency: JO-AjAnu
150 ## - HEADING--TOPICAL TERM
- Topical term or geographic name entry element: القانون المدني -- الاردن -- الملكية -- قوانيين وتشريعات -- الاردن
670 ## - SOURCE DATA FOUND
- Source citation: Work cat.: (JO-AjAnu)6358: العبيدي، علي هادي , author 12346, الوجيز في شرح القانون المدني : الحقوق العينية، الحقوق العينية الأصلية، الحقوق العينية التبعية، حق الملكية، الحقوق المتفرعة عن حق الملكية "دراسة موازنة"